Broken homes, parental psychiatric illness, and female delinquency

Gespeichert in:  
Bibliographische Detailangaben
VerfasserInnen: Offord, David R. (Verfasst von) ; Abrams, N. (Verfasst von)
Medienart: Druck Aufsatz
Sprache:Englisch
Veröffentlicht: 1979
In: American journal of orthopsychiatry
Jahr: 1979, Band: 49, Heft: 2, Seiten: 252-264
Verfügbarkeit prüfen: HBZ Gateway
Schlagwörter:

MARC

LEADER 00000caa a22000002c 4500
001 1631876570
003 DE-627
005 20220607131334.0
007 tu
008 130510s1979 xx ||||| 00| ||eng c
035 |a (DE-627)1631876570 
035 |a (DE-576)382069919 
035 |a (DE-599)BSZ382069919 
040 |a DE-627  |b ger  |c DE-627  |e rakwb 
041 |a eng 
100 1 |a Offord, David R.  |0 (DE-627)1432340328  |0 (DE-576)362340323  |4 aut 
109 |a Offord, David R.  |a Offord, D. R. 
245 1 0 |a Broken homes, parental psychiatric illness, and female delinquency  |c D. R. Offord; N. Abrams 
264 1 |c 1979 
336 |a Text  |b txt  |2 rdacontent 
337 |a ohne Hilfsmittel zu benutzen  |b n  |2 rdamedia 
338 |a Band  |b nc  |2 rdacarrier 
700 1 |a Abrams, N.  |4 aut 
773 0 8 |i In  |t American journal of orthopsychiatry  |d Washington, DC : American Psychological Association, 1930  |g 49(1979), 2, Seite 252-264  |w (DE-627)129849618  |w (DE-600)280031-7  |w (DE-576)015148068  |x 0002-9432  |7 nnas 
773 1 8 |g volume:49  |g year:1979  |g number:2  |g pages:252-264 
951 |a AR 
ELC |b 1 
LOK |0 000 xxxxxcx a22 zn 4500 
LOK |0 001 3283254338 
LOK |0 003 DE-627 
LOK |0 004 1631876570 
LOK |0 005 20260220114045 
LOK |0 008 130510||||||||||||||||ger||||||| 
LOK |0 040   |a DE-21-110  |c DE-627  |d DE-21-110 
LOK |0 689   |a s  |a Prognom 
LOK |0 689   |a s  |a Frauenkriminalität 
LOK |0 852   |z Kein Bestand am IfK; Nachweis für KrimDok 
LOK |0 852   |a DE-21-110 
LOK |0 852 1  |m v  |9 00 
LOK |0 935   |a k110 
LOK |0 938   |k v 
LOK |0 939   |a 10-05-13  |b l01 
ORI |a WA-MARC-krimdoka001.raw